| 000 | 00390nam a2200133Ia 4500 | ||
|---|---|---|---|
| 003 | GCL | ||
| 008 | 140319s9999 xx 000 0 ara d | ||
| 040 |
_aGCL / _cGCL |
||
| 082 | 0 | 4 |
_a502 _bع م |
| 245 | 1 | 0 | _aالكيمياء والطاقة البديلة |
| 260 |
_a[S.N] : _bالهيئة المصرية العامة للكتاب |
||
| 300 | _a199 ص | ||
| 490 |
_aالعلم والحياة _v0 |
||
| 999 |
_c34878 _d34878 |
||